Contemporary issues in education: (Record no. 156364)

MARC details
000 -LEADER
fixed length control field 00688nam a22001937a 4500
005 - DATE AND TIME OF LATEST TRANSACTION
control field 20180827113509.0
010 ## - LCCN (DPL NO)
LC control number ENG-123770
020 ## - INTERNATIONAL STANDARD BOOK NUMBER
Terms of availability 200.00
International Standard Book Number 9789386262301
035 ## - SYSTEM CONTROL NUMBER
System control number EN-107302
037 ## - SOURCE OF ACQUISITION
Source of stock number/acquisition DBAD/PUB
082 ## - DEWEY DECIMAL CLASSIFICATION NUMBER
Classification number 378
245 ## - TITLE STATEMENT
Title Contemporary issues in education:
Statement of responsibility, etc ed.by Mohammad Parvsez [and] Mohd Shakir
Remainder of title a perspective /
260 ## - PUBLICATION, DISTRIBUTION, ETC. (IMPRINT)
Place of publication, distribution, etc Delhi
Name of publisher, distributor, etc Shipra Publications
Date of publication, distribution, etc 2017
270 ## - ADDRESS
Address LG 18-19,Pankaj Central Market I.P.Ext.,Patparganj
City Delhi
Postal code 110092
Telephone number 91 11 22235152/ 6152
Electronic mail address www.shiprapublication.com
300 ## - PHYSICAL DESCRIPTION
Extent viii,271p.
Dimensions 22cm(pbk)
Other physical details ill.
500 ## - GENERAL NOTE
General note It includes references and index
700 ## - ADDED ENTRY--PERSONAL NAME
Personal name Mohd Shakir
942 ## - ADDED ENTRY ELEMENTS (KOHA)
Source of classification or shelving scheme Dewey Decimal Classification
Item type English Books
Call number suffix CON
Classification part 378
Holdings
Withdrawn status Lost status Not for loan Collection code Home library Current library Date acquired Source of acquisition Cost, normal purchase price Full call number Barcode Copy number Cost, replacement price Koha item type
    Not For Loan Non-fiction D.B.Act.Division Bawana 27/08/2018 DBAD/PUB 200.00 378 CON EN-107302 1 200.00 English Books

© Delhi Public Library
Hit Counter
free hit counter